000 00573nam a2200181 4500
001 138302
003 ES-MaACL
005 20250925063043.0
007 t|
008 070214s1976 sp r ||||1| val d
100 1 _aSanchis Guarner, Manuel,
_d1911-1981
_9103013
245 1 3 _aLa ciutat de Valencia
_b: sintesi d'Historia i de Geografía urbana /
_cManuel Sanchís Guarner.
250 _a2ª ed.
260 _aValencia :
_bAlbatros,
_c1976.
300 _a602 p., 11 lám. :
_bil. ;
_c28 cm.
852 _aES-MaACL
_jA-6247
_bR.95421
999 _c138302
_d138302